Các phương pháp vật lý trong hóa học
Sách gồm ba chương: Chương 1 sự đối xứng của phân tử và nhóm điểm đối xứng; chương 2 phổ hấp thụ electron của các phức chất kim loại chuyển tiếp; chương 3 phân tích cấu trúc tinh thể bằng tia Rơnghen....
Đã lưu trong:
| 主要作者: | |
|---|---|
| 格式: | 圖書 |
| 語言: | Undetermined |
| 出版: |
Hà Nội
Đại học Quốc Gia Hà Nội
2006
|
| 主題: | |
| 標簽: |
添加標簽
沒有標簽, 成為第一個標記此記錄!
|
| Thư viện lưu trữ: | Trung tâm Học liệu Trường Đại học Cần Thơ |
|---|
| LEADER | 00922nam a2200205Ia 4500 | ||
|---|---|---|---|
| 001 | CTU_120609 | ||
| 008 | 210402s9999 xx 000 0 und d | ||
| 020 | |c 18500 | ||
| 082 | |a 541.3 | ||
| 082 | |b Đ450 | ||
| 100 | |a Vũ, Đăng Độ | ||
| 245 | 0 | |a Các phương pháp vật lý trong hóa học | |
| 245 | 0 | |c Vũ Đăng Độ | |
| 260 | |a Hà Nội | ||
| 260 | |b Đại học Quốc Gia Hà Nội | ||
| 260 | |c 2006 | ||
| 520 | |a Sách gồm ba chương: Chương 1 sự đối xứng của phân tử và nhóm điểm đối xứng; chương 2 phổ hấp thụ electron của các phức chất kim loại chuyển tiếp; chương 3 phân tích cấu trúc tinh thể bằng tia Rơnghen. | ||
| 650 | |a Chemistry, Physical and theoretical. | ||
| 904 | |i Minh, Bạch Trúc | ||
| 980 | |a Trung tâm Học liệu Trường Đại học Cần Thơ | ||